Normal view
MARC view
Entry Personal Name
001 - CONTROL NUMBER
- control field: 79755
003 - CONTROL NUMBER IDENTIFIER
- control field: OSt
005 - DATE AND TIME OF LATEST TRANSACTION
- control field: 20200922161952.0
008 - FIXED-LENGTH DATA ELEMENTS
- fixed length control field: 200922|| aca||aabn | a|a d
040 ## - CATALOGING SOURCE
- Original cataloging agency: OSt
- Transcribing agency: OSt
100 ## - HEADING--PERSONAL NAME
- Personal name: Rengarajan , T.
670 ## - SOURCE DATA FOUND
- Source citation: Work cat.: (OSt): Rengarajan , T., Dictionary of Indian Epics, 2006









